Dinámicas del sistema de partidos políticos y del cambio institucional en el régimen electoral de Costa Rica : 1952-2002 /
La siguiente tesis se refiere al ámbito de la interacción entre el sistema de partidos y el campo de las normativas electorales en un contexto histórico particular: el sistema de partidos costarricense que se reconfiguró después de la guerra civil de 1948, con las diferentes etapas y características...
Salvato in:
| Autore principale: | |
|---|---|
| Natura: | Tesi |
| Lingua: | Spanish |
| Soggetti: | |
| Tags: |
Aggiungi Tag
Nessun Tag, puoi essere il primo ad aggiungerne!!
|
MARC
| LEADER | 00000 a a2200000 04500 | ||
|---|---|---|---|
| 001 | 22513 | ||
| 003 | cru CIDCACS/IIS | ||
| 005 | 20231115141010.0 | ||
| 008 | 170420b xxu||||| |||| 00| 0 spa d | ||
| 040 | |c cru CIDCACS/IIS |a cru CIDCACS/IIS | ||
| 090 | |a 04.04.02 H577d | ||
| 100 | |a Hernández Naranjo, Gerardo | ||
| 245 | |a Dinámicas del sistema de partidos políticos y del cambio institucional en el régimen electoral de Costa Rica : 1952-2002 / |c Gerardo Hernández Naranjo | ||
| 300 | |a 371 páginas | ||
| 300 | |b **no definido** |b fonodiscos | ||
| 502 | |a Tesis (Doctorado en Ciencias Sociales con especialidad en Sociología) -- El Colegio de México. Centro de Estudios Sociológicos, 2007 | ||
| 520 | |a La siguiente tesis se refiere al ámbito de la interacción entre el sistema de partidos y el campo de las normativas electorales en un contexto histórico particular: el sistema de partidos costarricense que se reconfiguró después de la guerra civil de 1948, con las diferentes etapas y características del mismo, hasta las elecciones del 2002. en términos teóricos, la tesis se inscribe en el campo de las dinámicas de reproducción y cambio institucionales, a partir de una perspectiva de entrelazamiento entre instituciones y actores. En términos empíricos, la investigación se hizo sobre las dinámicas del sistema de partidos y sobre las propuestas y leyes de reforma al Código Electoral de 1952 hasta finales del 2001 | ||
| 650 | |a PARTIDOS POLITICOS | ||
| 650 | |a ELECCIONES | ||
| 650 | |a IDEOLOGIAS POLITICAS | ||
| 650 | |a COSTA RICA | ||
| 650 | |a ELECCIONES | ||
| 942 | |2 z |c TE |h 04.04.02 H577d |i 04548 |6 040402_H577D_04548 | ||
| 999 | |c 18024 |d 18024 | ||
